书目信息 |
| 题名: |
北大港湿地植被与植物多样性研究 Vegetation and plant diversity of Beidagang wetland
|
|
| 作者: | 莫训强 , 贺梦璇 , 孟伟庆 , 李洪远 | |
| 分册: | ||
| 出版信息: | 北京 海洋出版社 |
|
| 页数: | 157页 | |
| 开本: | 26cm | |
| 丛书名: | ||
| 单 册: | ||
| 中图分类: | Q948.522.1 | |
| 科图分类: | ||
| 主题词: | 植物生态学 , 植物地理学 | |
| 电子资源: | ||
| ISBN: | 978-7-5210-0646-9 | |
| 000 | 00965nam0 2200253 45 | |
| 001 | 2157560920 | |
| 005 | 20210329160427.25 | |
| 010 | @a978-7-5210-0646-9@dRMB 98.00 | |
| 100 | @a20210329d km y0chiy0120 ea | |
| 101 | 0 | @achi |
| 102 | @aCN@b110000 | |
| 200 | 1 | @a北大港湿地植被与植物多样性研究 Vegetation and plant diversity of Beidagang wetland@Abei da gang shi di zhi bei yu zhi wu duo yang xing yan jiu Vegetation and plant diversity of Beidagang wetland@f莫训强,贺梦璇,孟伟庆,李洪远,@Fmo xun qiang,he meng xuan,meng wei qing,li hong yuan, |
| 210 | @a北京@c海洋出版社 | |
| 215 | @a157页@d26cm | |
| 330 | @a本书为"天津北大港湿地生态环境及候鸟资源监测 " 子项目的成果。 | |
| 606 | 0 | @a植物生态学 |
| 606 | 0 | @a植物地理学 |
| 690 | @aQ948.522.1@v4 | |
| 701 | 0 | @a莫训强@Amo xun qiang |
| 701 | 0 | @a贺梦璇@Ahe meng xuan |
| 701 | 0 | @a孟伟庆@Ameng wei qing |
| 701 | 0 | @a李洪远@Ali hong yuan |
| 801 | 0 | @aCN@bPFT@c20210329 |
| 905 | @a10447@dQ948.522.1@eM885 | |
| 北大港湿地植被与植物多样性研究 Vegetation and plant diversity of Beidagang wetland/莫训强,贺梦璇,孟伟庆,李洪远,.-北京:海洋出版社 |
| 157页;26cm |
| ISBN 978-7-5210-0646-9:RMB 98.00 |
| 本书为"天津北大港湿地生态环境及候鸟资源监测 " 子项目的成果。 |
| ● |
| 相关链接 |
|
|
|
正题名:北大港湿地植被与植物多样性研究 Vegetatio
索取号:Q948.522.1/M885
 
预约/预借
| 序号 | 登录号 | 条形码 | 馆藏地/架位号 | 状态 | 备注 |
| 1 | 1498601 | 214986014 | 生命科学与工程学院资料室/ [索取号:Q948.522.1/M885] | 在馆 |